Musical Instruments - Word Scramble - Statistics

General Stats
  • This quiz has been taken 104 times
  • The average score is 13 of 16
Answer Stats
Scrambled Answer % Correct
IVOINL Violin
97%
BDOULB AESS Double Bass
92%
ITUGRA Guitar
89%
NPOIA Piano
89%
RDMU Drum
88%
KULEELE Ukelele
88%
RHNO Horn
85%
MTRPUTE Trumpet
85%
COCRAIDON Accordion
83%
LCOEL Cello
83%
BNTROOME Trombone
82%
MHRANOCIA Harmonica
79%
GIBAPEPS Bagpipes
70%
ITZHRE Zither
59%
CORANIA Ocarina
52%
BDGRO NOMU Bongo Drum
44%
No matching quizzes found
Score Distribution
Percent of People with Each Score
Percentile by Number Answered
Your Score History
You have not taken this quiz